Score 0/25 Timer 08:00
0 Plays Today
% Correct
The opera house in Sydney, Australia
100%
The White House in Washington, USA
92.3%
Oscar Wilde's statue in Dublin, Ireland
84.6%
Victoria Memorial Hall, Kolkata, India
84.6%
Shwedagon, Yangon, Mayanmar
84.6%
Coliseum, Rome, Italy
84.6%
Durbar Square, Kathmandu, Nepal
84.6%
Orange trees in Seville, Spain
76.9%
A dangerous animal at Budapest Zoo, Hungary
76.9%
Gyeongbokgung in Seoul, South Korea
76.9%
Charles Bridge, Prague, Czechia
76.9%
Three towers of San Marino
76.9%
Dragon Statue, Guilin, China
69.2%
% Correct
City Centre, Luxembourg
69.2%
Charyn Canyon, Almaty, Kazakhstan
61.5%
Brandy factory in Yerevan, Armenia
61.5%
A giant sinkhole south of Muscat, Oman
61.5%
Statues at Grutas Park, Lithuania
61.5%
Geumgangsan, North Korea
61.5%
Park in Dhaka, Bangladesh
61.5%
Ala Too Square, Bishkek, Kyrgyzstan
61.5%
A volcano on Tanna Island, Vanuatu
53.8%
On the beach at Nadi, Fiji
53.8%
A field of camels, Doha, Qatar
53.8%
Main River, Frankfurt, Germany
53.8%
Remove Ads.
Support Sporcle.
Get the best of Sporcle when you Go Orange. This ad-free experience offers more features, more stats, and more fun while also helping to support Sporcle. Thank you for becoming a member.

You're not logged in!

Compare scores with friends on all Sporcle quizzes.
OR
Log In

Show Comments

Extras

Created Sep 17, 2017ReportNominate
Tags:Country Quiz, Hobby, Visiting

Top Quizzes Today


Score Distribution

Your Account Isn't Verified!

In order to create a playlist on Sporcle, you need to verify the email address you used during registration. Go to your Sporcle Settings to finish the process.

Report this User

Report this user for behavior that violates our Community Guidelines.

Details: